Základy vyšetřovacích metod pro fyzioterapeuty

Saved in:
Bibliographic Details
Main Author Vysoký, Robert, 1980- (Author)
Format Book
LanguageCzech
Published Brno : Masarykova univerzita, 2025
EditionVydání 1.
Subjects
ISBN978-80-280-0724-9
Physical Description138 stran : ilustrace ; 25 cm

Cover

LEADER 00000nam a2200000 i 4500
001 115555
003 CZ ZlUTB
005 20260428135648.0
007 ta
008 260109s2025 xr a e p 000 0 cze
015 |a cnb003735431 
020 |a 978-80-280-0724-9  |q (brožováno) 
040 |a OLA001  |b cze  |e rda 
072 7 |a 612  |x Fyziologie člověka a srovnávací fyziologie  |2 Konspekt  |9 14 
072 7 |a 37.016  |x Učební osnovy. Vyučovací předměty. Učebnice  |2 Konspekt  |9 22 
080 |a 612.74/.75  |2 MRF 
080 |a 616.7  |2 MRF 
080 |a 616-07  |2 MRF 
080 |a 615.81/.84  |2 MRF 
080 |a (075.8)  |2 MRF 
100 1 |a Vysoký, Robert,  |d 1980-  |7 mub2013769321  |4 aut 
245 1 0 |a Základy vyšetřovacích metod pro fyzioterapeuty /  |c Robert Vysoký a kolektiv 
250 |a Vydání 1. 
264 1 |a Brno :  |b Masarykova univerzita,  |c 2025 
300 |a 138 stran :  |b ilustrace ;  |c 25 cm 
336 |a text  |b txt  |2 rdacontent 
337 |a bez média  |b n  |2 rdamedia 
338 |a svazek  |b nc  |2 rdacarrier 
504 |a Obsahuje bibliografie 
650 0 7 |a pohybové ústrojí  |7 ph115779  |2 czenas 
650 0 7 |a nemoci pohybového ústrojí  |7 ph137090  |2 czenas 
650 0 7 |a diagnostika (lékařství)  |7 ph114312  |2 czenas 
650 0 7 |a fyzioterapie  |7 ph120452  |2 czenas 
650 0 9 |a musculoskeletal system  |2 eczenas 
650 0 9 |a musculoskeletal diseases  |2 eczenas 
650 0 9 |a medical diagnostics  |2 eczenas 
650 0 9 |a physiotherapy  |2 eczenas 
655 7 |a učebnice vysokých škol  |7 fd133772  |2 czenas 
655 9 |a textbooks (higher)  |2 eczenas 
710 2 |a Masarykova univerzita  |7 kn20010709056  |4 pbl 
910 |a ZLD002 
942 |2 udc 
952 |0 0  |1 0  |4 0  |6 S61VYSOKÝR  |7 0  |8 BOOK  |9 190913  |a UTBZL  |b UTBZL  |c 037  |d 2026-04-28  |l 0  |o S61/VYSOKÝ,R.  |p 420010202049  |r 2026-04-28 13:58:27  |v 280.00  |w 2026-04-28  |x N:nákup  |y 01 
952 |0 0  |1 0  |4 0  |6 S61VYSOKÝR  |7 0  |8 BOOK  |9 190914  |a UTBZL  |b UTBZL  |c 006  |d 2026-04-28  |l 0  |o S61/VYSOKÝ,R.  |p 420010202050  |r 2026-04-28 13:58:57  |v 280.00  |w 2026-04-28  |x N:nákup  |y 04 
992 |a BK  |b SKNEW 
999 |c 115555  |d 115555